[Event "HUN-chT2 Breyer 0203"]
[Site "Hungary"]
[Date "2003.04.06"]
[Round "10"]
[White "Glasz, Attila"]
[Black "Korodi, Tibor"]
[Result "1/2-1/2"]
[WhiteElo "1840"]
[BlackElo "1801"]
[PlyCount "24"]
[EventDate "2002.09.22"]
[EventType "team"]
[EventRounds "11"]
[EventCountry "HUN"]
[SourceTitle "EXT 2009"]
[Source "ChessBase"]
[SourceDate "2008.11.26"]
[SourceVersion "1"]
[SourceVersionDate "2008.11.26"]
[SourceQuality "1"]

1. e4 d6 2. d4 g6 3. Nf3 Bg7 4. c3 a6 5. Be3 Nd7 6. Nbd2 b6 7. Qc2 Bb7 8. Bc4 Ngf6 9. Qb3 e6 10. e5 Nd5 11. exd6 Nxe3 12. fxe3 cxd6 1/2-1/2

[Event "HUN-chT2 Breyer 0203"]
[Site "Hungary"]
[Date "2003.03.02"]
[Round "8"]
[White "Korodi, Tibor"]
[Black "Takacs, Attila"]
[Result "0-1"]
[WhiteElo "1801"]
[BlackElo "1997"]
[PlyCount "152"]
[EventDate "2002.09.22"]
[EventType "team"]
[EventRounds "11"]
[EventCountry "HUN"]
[SourceTitle "EXT 2009"]
[Source "ChessBase"]
[SourceDate "2008.11.26"]
[SourceVersion "1"]
[SourceVersionDate "2008.11.26"]
[SourceQuality "1"]

1. e4 c5 2. Nf3 Nc6 3. Nc3 e6 4. d4 cxd4 5. Nxd4 a6 6. Be3 Qc7 7. a3 b5 8. g3 Bb7 9. Bg2 Nf6 10. 0-0 Rc8 11. Re1 Na5 12. Bc1 Bc5 13. Nf3 Nc4 14. e5 Ng4 15. Rf1 Qb6 16. Qe2 Bxf3 17. Bxf3 Ngxe5 18. Bg2 Ng6 19. Ne4 Be7 20. b3 Nd6 21. Be3 Qc7 22. Rfc1 Nxe4 23. Bxe4 d5 24. Bg2 Bf6 25. Rab1 0-0 26. a4 bxa4 27. bxa4 Qc4 28. Qxc4 Rxc4 29. a5 Bc3 30. Bf1 Ra4 31. Bxa6 d4 32. Rb3 Rxa5 33. Bb7 Rc5 34. Rxc3 Rxc3 35. Bxd4 Rc7 36. Ba6 Ra8 37. Bb5 Rb8 38. Bd3 Rd7 39. Ba1 Ne7 40. Kf1 Nc6 41. Bc4 Rdb7 42. Bb3 Na5 43. Ba2 Ra8 44. Bc3 Nc6 45. Bc4 Rc7 46. Bd3 Ra3 47. Bb2 Ra2 48. Bc3 Ne7 49. Be5 Rc8 50. Bd6 Ra7 51. Ke2 Rd7 52. Bb4 Nd5 53. Bd2 g6 54. Bh6 f5 55. Bd2 e5 56. f3 Kf7 57. Bb5 Rdc7 58. Ba4 Nc3+ 59. Bxc3 Rxc3 60. Rb1 R8c7 61. Rb2 Ke6 62. Rb6+ Kd5 63. Rb2 Kd4 64. Bb3 Re3+ 65. Kf2 Rcc3 66. Rb1 Rxf3+ 67. Kg2 Rce3 68. Rd1+ Kc3 69. Rd5 e4 70. Rc5+ Kb2 71. Rb5 Re2+ 72. Kg1 Kc1 73. c4 Rc3 74. c5 Kd2 75. Bd1 Kxd1 76. Kf1 Rxh2 0-1

[Event "HUN-chT2 0102"]
[Site "Hungary"]
[Date "2001.11.18"]
[Round "3"]
[White "Korodi, Tibor"]
[Black "Porubszky Angyalosine, Maria A"]
[Result "0-1"]
[WhiteElo "1883"]
[BlackElo "2171"]
[PlyCount "56"]
[EventDate "2001.??.??"]
[EventType "team"]
[EventRounds "11"]
[EventCountry "HUN"]
[SourceTitle "EXT 2004"]
[Source "ChessBase"]
[SourceDate "2003.11.25"]
[SourceVersion "1"]
[SourceVersionDate "2003.11.25"]
[SourceQuality "1"]

1. e4 c5 2. Nf3 e6 3. c3 Nf6 4. e5 Nd5 5. Na3 d6 6. d4 cxd4 7. cxd4 Be7 8. Bb5+ Bd7 9. Bxd7+ Qxd7 10. Nc2 Nc6 11. 0-0 0-0 12. a3 Rfd8 13. Qe2 Rac8 14. Qe4 h6 15. Ne3 dxe5 16. dxe5 Na5 17. Qg4 Kh8 18. Qh5 Nf4 19. Qg4 Ne2+ 20. Kh1 Nb3 21. Ng5 hxg5 22. Qxe2 Nxa1 23. Qh5+ Kg8 24. Nc4 Qd3 25. Ne3 Nb3 26. h4 Rxc1 27. Rxc1 Nxc1 28. hxg5 Qh7 0-1